1021 1971 1163 1257 1756 1375 1295 1028 1146 1464 1574 1516 1962 1089 1293 1628 1550 1967 1992 1850 1700 1049 1580 1482 1616 1066 1020 1260 1466 1644 1797 1072 1871 1059 1263 1609 1134 1959 1737 1441 1386 1543 1090 1389 1152 1314 1305 1295 1427 1036 1264 1653 1303 1112 1051 1393 1061 1844 1738 1707 1266 1839 1409 1746 1488 1526 1427 1149 1790 1771 1816 1278 1099 1027 1355 1728 1756 1192 1700 1000 1721 1941 1705 1879 1352 1336 1814 1043 1737 1751 1807 1712 1045 1728 1842 1934 1254 1711 1964 BCNSPRNW ULIB Ver.6.0+V

เปลี่ยนเป็นภาษาไทย

Change to English
 แสดงรายละเอียดบรรณานุกรม
  กลับหน้าหลัก

Brief Record : Get Marc (ISO 2709) : E-mail record : QR code < ปิดหน้าต่าง
LEADER : 00000nam 2200000uu 4500
001    13399113146
003     ULIB
008    110928s2548||||th 000 0 tha d
020    9746091948
020    9789746091947
050  4 QA76.75^bณ141พ 2548
100 0  ณรงค์ หุตานุวัตร
245 10 Practical Excel :^bฐานข้อมูล Excel - ง่าย แต่เก่ง /^cณรงค์ หุตานุวัตร, นันทิยา หุตานุวัตร, ประสาธน์ เกียรติไพบูลย์กิจ
246 31 ฐานข้อมูล Excel - ง่าย แต่เก่ง
250    พิมพ์ครั้งที่ 3
260    กรุงเทพฯ :^bห้างฯ ทวีปัญญา,โครงการส่งเสริมการผลิตสื่อการเรียนการสอน คณะเกษตรศาสตร์ มหาวิทยาลัยอุบลราชธานี,^c2548
300    ก-ฟ, 554 หน้า :^bภาพประกอบ ;^c27 ซม.
591    LIPY มีฉบับปรับปรุงแก้ไขครั้งที่ 2 (2548)
650  4 ไมโครซอฟต์เอ็กเซล
650  4 โปรแกรมคอมพิวเตอร์
700 0  นันทิยา หุตานุวัตร
700 0  ประสาธน์ เกียรติไพบูลย์กิจ
945    ^p255^l0^i017336
995    ทศพร
999 ^a ทศพร
รายการนี้ยังไม่มีแท็ก
คุณยังไม่ได้ล็อกอิน คุณสามารถมีกิจกรรมร่วมกับเว็บไซต์ได้ แต่ต้องล็อกอินก่อน ::
  ล็อกอิน

รายการสื่อสารสนเทศ

ลำดับที่ ประเภท เลขเรียก/บาร์โค้ด สถานที่ สถานะ
- ไม่พบข้อมูล -

รายการใกล้เคียง
    หัวเรื่อง [ไมโครซอฟต์เอ็กเซล]
    หัวเรื่อง [โปรแกรมคอมพิวเตอร์]

BibComment


ยังไม่เคยถูกคอมเมนท์

คอมเมนท์ทรัพยากรรายการนี้
  คอมเมนท์: Practical Excel ..


 Copyright 2026. Bcnsprnw @Library